000 00849nas a2200277 4500
001 BR0806084
003 BR-BrBNA
005 20231205112125.0
007 ta
008 230509b bl.|||p| |||| 00| 00por d
040 _aBR-BrBNA
_bpor
_cBiblioteca Nacional de Agricultura
041 _a(Pt)
072 _aQ02; Q52
100 1 _aTeruel, B.
100 1 _aSilveira, P.
100 1 _aMarques, F.
100 1 _aCappelli, N.
245 1 _aInterface homem-máquina para controle de processos de resfriamento com ar forçado visando à economia de energia
650 _aPOTENCIAL ELÉTRICO
650 _aAR
650 _aEQUIPAMENTO INDUSTRIAL
650 _aMÁQUINA
773 0 _tCiência Rural (Brazil)
_xISSN 0103-8478
_g(May-Jun 2008), v. 38(3) p. 705-710
_wBR0806084
909 _a202311
_bLúcia
_c55
_dLúcia Elande
942 _2AGRIS
_n0
_cANA
999 _c196214
_d196214